000 01183nam a22002777a 4500
999 _c63854
_d63854
005 20240530110702.0
008 180111s2015 ua a g b 000 0 ara d
017 _a2017/10361
_bمصر. دار الكتب
020 _a9789774384542
040 _aEG-CaGPL
_cEG-CaGPL
082 0 4 _221
_a338.900953/
_bن ت
100 0 _aنورى محمد عبيد كصب الجبورى
245 1 0 _aتجربة دول الخليج العربى فى التنوع الاقتصادى فى ظل وفرة الثروة النفطية /
_cنورى محمد عبيد كصب الجبورى
250 _aط. 1
260 _aالقاهرة :
_bالمكتب الجامعى الحديث ،
_c2015
300 _a411 ص. :
_bجداول ؛
_c24 سم.
504 _aيشتمل على ارجاعات ببليوجرافية
650 0 7 _2qrmak
_aالتنمية الاقتصادية
650 0 7 _2qrmak
_aالاكتفاء الذاتى
650 0 7 _2qrmak
_aالتخطيط الاقتصادى
650 0 7 _2qrmak
_aالاستثمار
650 0 7 _2qrmak
_aالتنمية الاقتصادية
_zالخليج العربى
651 _2qrmak
942 _2ddc
_cBK